His Dark Materials Quiz - Statistics

General Stats
  • This quiz has been taken 140 times
  • The average score is 5 of 14
Answer Stats
Name what it is Answer % Correct
The symbol reader Alethiometer
91%
The knife Subtle Knife
69%
Tribe that lives on boats Gyptians
67%
Will's father John Parry
52%
Name of bears home Svalbard
49%
Tribe who cuts holes in heads Tartars
36%
Thing sent to find Lyra on boats Spy-Fly
33%
Name of Gobblers Station Bolvangar
32%
Scientist that helps the kids Mary Malone
32%
Gobblers Names General Oblation Board
27%
Middle World Cittagazze
26%
Will's Father's name in Lyra's World Stanislaus Grumman
18%
Tribe like the Native Americans Skraelings
3%
The process of 'severing' Maystadt Process
1%
No matching quizzes found
Score Distribution
Percent of People with Each Score
Percentile by Number Answered
Your Score History
You have not taken this quiz